01185 2200505 4500001002100000005001500021035002000036007000300056008004100059020002200100082000800122084001400130100001500144245008400159260003800243300003000281650001300311700001700324990001300341990001300354990001300367990001300380990001300393990001300406990001300419990001300432990001300445990001300458990001300471990001300484990001300497990001300510990001300523990001300536990001300549990001300562990001300575990001300588990001300601990001300614990001300627990001300640990001300653990001300666INLIS00000000000090920230220110422 a0010-0223000134ta230220 g 0 ind  a978-602-3449-97-2 a910 a910 AJI g0 aAji Arifin1 aGeografi :bSMA kelas XI peminatan ilmu-ilmu sosial /cAji Arifin, Rita Noviani aSurakarta :bCV. Mediatama,c2014 a286 hlm. :bIlus ;c25 cm 4aGeografi0 aRita Noviani a05530553 a05530553 a05530553 a05530553 a05530553 a05530553 a05530553 a05530553 a05530553 a05530553 a05530553 a05530553 a05530553 a05530553 a05530553 a05530553 a05530553 a05530553 a05530553 a05530553 a05530553 a05530553 a05530553 a05530553 a05530553 a05530553